<?xml version="1.0" encoding="UTF-8"?>
<collection xmlns="http://www.loc.gov/MARC21/slim">
 <record>
  <leader>05211cam a2200733   4500</leader>
  <controlfield tag="001">869533533</controlfield>
  <controlfield tag="003">DE-627</controlfield>
  <controlfield tag="005">20220227060700.0</controlfield>
  <controlfield tag="007">tu</controlfield>
  <controlfield tag="008">161004s2016    be ||||| cc   00| ||fre c</controlfield>
  <datafield tag="020" ind1=" " ind2=" ">
   <subfield code="a">9461612958</subfield>
   <subfield code="9">94-6161-295-8</subfield>
  </datafield>
  <datafield tag="020" ind1=" " ind2=" ">
   <subfield code="a">9789461612953</subfield>
   <subfield code="9">978-94-6161-295-3</subfield>
  </datafield>
  <datafield tag="024" ind1="3" ind2=" ">
   <subfield code="a">9789461612953</subfield>
  </datafield>
  <datafield tag="035" ind1=" " ind2=" ">
   <subfield code="a">(DE-627)869533533</subfield>
  </datafield>
  <datafield tag="035" ind1=" " ind2=" ">
   <subfield code="a">(DE-576)479443491</subfield>
  </datafield>
  <datafield tag="035" ind1=" " ind2=" ">
   <subfield code="a">(DE-599)GBV869533533</subfield>
  </datafield>
  <datafield tag="035" ind1=" " ind2=" ">
   <subfield code="a">(OCoLC)957546365</subfield>
  </datafield>
  <datafield tag="035" ind1=" " ind2=" ">
   <subfield code="a">(OCoLC)964683819</subfield>
  </datafield>
  <datafield tag="040" ind1=" " ind2=" ">
   <subfield code="a">DE-627</subfield>
   <subfield code="b">ger</subfield>
   <subfield code="c">DE-627</subfield>
   <subfield code="e">rda</subfield>
  </datafield>
  <datafield tag="041" ind1=" " ind2=" ">
   <subfield code="a">fre</subfield>
  </datafield>
  <datafield tag="044" ind1=" " ind2=" ">
   <subfield code="c">XA-BE</subfield>
  </datafield>
  <datafield tag="050" ind1=" " ind2="0">
   <subfield code="a">DC130.C7</subfield>
  </datafield>
  <datafield tag="082" ind1="0" ind2=" ">
   <subfield code="a">709.944</subfield>
  </datafield>
  <datafield tag="082" ind1="0" ind2=" ">
   <subfield code="a">944.033092</subfield>
  </datafield>
  <datafield tag="084" ind1=" " ind2=" ">
   <subfield code="a">9,10</subfield>
   <subfield code="2">ssgn</subfield>
  </datafield>
  <datafield tag="084" ind1=" " ind2=" ">
   <subfield code="a">LH 41805</subfield>
   <subfield code="q">BVB</subfield>
   <subfield code="2">rvk</subfield>
   <subfield code="0">(DE-625)rvk/93435:</subfield>
  </datafield>
  <datafield tag="084" ind1=" " ind2=" ">
   <subfield code="a">NN 3140</subfield>
   <subfield code="q">BVB</subfield>
   <subfield code="2">rvk</subfield>
   <subfield code="0">(DE-625)rvk/126774:</subfield>
  </datafield>
  <datafield tag="084" ind1=" " ind2=" ">
   <subfield code="a">15.65</subfield>
   <subfield code="2">bkl</subfield>
  </datafield>
  <datafield tag="245" ind1="1" ind2="3">
   <subfield code="a">Le grand Condé</subfield>
   <subfield code="b">le rival du Roi-Soleil?</subfield>
   <subfield code="c">sous la direction de Mathieu Deldicque ; introduction: Katia Béguin</subfield>
  </datafield>
  <datafield tag="264" ind1=" " ind2="1">
   <subfield code="a">Gand</subfield>
   <subfield code="b">Snoeck</subfield>
   <subfield code="c">[2016]</subfield>
  </datafield>
  <datafield tag="300" ind1=" " ind2=" ">
   <subfield code="a">231 Seiten</subfield>
   <subfield code="c">30 cm</subfield>
  </datafield>
  <datafield tag="336" ind1=" " ind2=" ">
   <subfield code="a">unbewegtes Bild</subfield>
   <subfield code="b">sti</subfield>
   <subfield code="2">rdacontent</subfield>
  </datafield>
  <datafield tag="336" ind1=" " ind2=" ">
   <subfield code="a">Text</subfield>
   <subfield code="b">txt</subfield>
   <subfield code="2">rdacontent</subfield>
  </datafield>
  <datafield tag="337" ind1=" " ind2=" ">
   <subfield code="a">ohne Hilfsmittel zu benutzen</subfield>
   <subfield code="b">n</subfield>
   <subfield code="2">rdamedia</subfield>
  </datafield>
  <datafield tag="338" ind1=" " ind2=" ">
   <subfield code="a">Band</subfield>
   <subfield code="b">nc</subfield>
   <subfield code="2">rdacarrier</subfield>
  </datafield>
  <datafield tag="500" ind1=" " ind2=" ">
   <subfield code="a">Impressum: &quot;Cet ouvrage accompagne l'exposition qui se tient au Jeu de Paume du Domaine de Chantilly du 4 septembre 2016 au 2 janvier 2017.&quot;</subfield>
  </datafield>
  <datafield tag="520" ind1=" " ind2=" ">
   <subfield code="a">Louis II de Bourbon-Condé (1621-1686), connu sous le nom de Grand Condé, appartient à la légende. Sa réputation de chef de guerre auréolé de victoires, de grand seigneur frondeur puis repenti, ou de prince du sang recevant avec un faste extraordinaire son cousin Louis XIV dans son domaine de Chantilly en 1671 ? réception qui entraîna le fameux suicide de Vatel ? n?est plus à faire.0Ce prince n?a étonnamment jamais fait l?objet d?une exposition. Pour la première fois, un grand événement sera organisé dans sa résidence la plus prestigieuse, le domaine de Chantilly.0L?ambition de cette exposition est de dépasser les images d?Epinal et d?étudier la personnalité, les représentations, les goûts et le cadre de vie d?un des plus grands princes du Grand Siècle. Conçue comme un grand diptyque, faisant d?abord la part belle à la geste du prince de Condé, à sa gloire militaire et à son image riche et diversifiée, l?exposition permettra, dans un second temps, de rentrer dans l?intimité méconnue du personnage.00Exhibition: Jeu de Pomme, Domaine de Chantilly, France (04.09.2016 - 02.01.2017)</subfield>
  </datafield>
  <datafield tag="600" ind1="1" ind2="0">
   <subfield code="a">Condé, Louis</subfield>
   <subfield code="c">prince de</subfield>
   <subfield code="d">1621-1686</subfield>
   <subfield code="v">Exhibitions</subfield>
  </datafield>
  <datafield tag="600" ind1="1" ind2="0">
   <subfield code="a">Condé, Louis</subfield>
   <subfield code="c">prince de</subfield>
   <subfield code="d">1621-1686</subfield>
   <subfield code="x">Homes and haunts</subfield>
   <subfield code="v">Exhibitions</subfield>
  </datafield>
  <datafield tag="650" ind1=" " ind2="0">
   <subfield code="a">Princes</subfield>
   <subfield code="z">France</subfield>
   <subfield code="v">Biography</subfield>
   <subfield code="v">Exhibitions</subfield>
  </datafield>
  <datafield tag="650" ind1=" " ind2="0">
   <subfield code="a">Art, French</subfield>
   <subfield code="x">History</subfield>
   <subfield code="v">Exhibitions</subfield>
  </datafield>
  <datafield tag="651" ind1=" " ind2="0">
   <subfield code="a">France</subfield>
   <subfield code="x">History</subfield>
   <subfield code="y">Bourbons, 1589-1789</subfield>
   <subfield code="v">Exhibitions</subfield>
  </datafield>
  <datafield tag="655" ind1=" " ind2="4">
   <subfield code="a">Exposition</subfield>
   <subfield code="x">2016</subfield>
   <subfield code="x">2017</subfield>
   <subfield code="x">Chantilly (Jeu de paume)</subfield>
  </datafield>
  <datafield tag="655" ind1=" " ind2="7">
   <subfield code="a">Ausstellungskatalog</subfield>
   <subfield code="x">Jeu de Paume</subfield>
   <subfield code="y">04.09.2016-02.01.2017</subfield>
   <subfield code="z">Chantilly</subfield>
   <subfield code="0">(DE-588)4135467-9</subfield>
   <subfield code="0">(DE-627)10566491X</subfield>
   <subfield code="0">(DE-576)209660988</subfield>
   <subfield code="2">gnd-content</subfield>
  </datafield>
  <datafield tag="655" ind1=" " ind2="7">
   <subfield code="a">Bildband</subfield>
   <subfield code="0">(DE-588)4145395-5</subfield>
   <subfield code="0">(DE-627)104450835</subfield>
   <subfield code="0">(DE-576)209741139</subfield>
   <subfield code="2">gnd-content</subfield>
  </datafield>
  <datafield tag="655" ind1=" " ind2="7">
   <subfield code="a">Ausstellungskatalog</subfield>
   <subfield code="x">Jeu de Paume</subfield>
   <subfield code="y">04.09.2016-02.01.2017</subfield>
   <subfield code="z">Paris</subfield>
   <subfield code="0">(DE-588)4135467-9</subfield>
   <subfield code="0">(DE-627)10566491X</subfield>
   <subfield code="0">(DE-576)209660988</subfield>
   <subfield code="2">gnd-content</subfield>
  </datafield>
  <datafield tag="689" ind1="0" ind2="0">
   <subfield code="d">p</subfield>
   <subfield code="0">(DE-588)119292203</subfield>
   <subfield code="0">(DE-627)148890334</subfield>
   <subfield code="0">(DE-576)186755627</subfield>
   <subfield code="a">Condé, Louis de</subfield>
   <subfield code="d">1621-1686</subfield>
   <subfield code="2">gnd</subfield>
  </datafield>
  <datafield tag="689" ind1="0" ind2=" ">
   <subfield code="5">(DE-627)</subfield>
  </datafield>
  <datafield tag="700" ind1="1" ind2=" ">
   <subfield code="a">Deldicque, Mathieu</subfield>
   <subfield code="d">1987-</subfield>
   <subfield code="e">HerausgeberIn</subfield>
   <subfield code="0">(DE-588)1073327353</subfield>
   <subfield code="0">(DE-627)829070729</subfield>
   <subfield code="0">(DE-576)434918504</subfield>
   <subfield code="4">edt</subfield>
  </datafield>
  <datafield tag="700" ind1="1" ind2=" ">
   <subfield code="a">Béguin, Katia</subfield>
   <subfield code="d">1966-</subfield>
   <subfield code="e">VerfasserIn einer Einleitung</subfield>
   <subfield code="e">VerfasserIn von ergänzendem Text</subfield>
   <subfield code="0">(DE-588)188394605</subfield>
   <subfield code="0">(DE-627)699322766</subfield>
   <subfield code="0">(DE-576)181489821</subfield>
   <subfield code="4">win</subfield>
   <subfield code="4">wst</subfield>
  </datafield>
  <datafield tag="710" ind1="2" ind2=" ">
   <subfield code="a">Jeu de Paume</subfield>
   <subfield code="g">Chantilly</subfield>
   <subfield code="e">Gastgebende Institution</subfield>
   <subfield code="0">(DE-588)1087222176</subfield>
   <subfield code="0">(DE-627)85155850X</subfield>
   <subfield code="0">(DE-576)458530239</subfield>
   <subfield code="4">his</subfield>
  </datafield>
  <datafield tag="710" ind1="2" ind2=" ">
   <subfield code="a">Jeu de Paume</subfield>
   <subfield code="g">Paris</subfield>
   <subfield code="e">Gastgebende Institution</subfield>
   <subfield code="0">(DE-588)1090647387</subfield>
   <subfield code="0">(DE-627)854406042</subfield>
   <subfield code="0">(DE-576)461007975</subfield>
   <subfield code="4">his</subfield>
  </datafield>
  <datafield tag="787" ind1="0" ind2="8">
   <subfield code="i">Rezensiert in</subfield>
   <subfield code="a">Friedt, Daniel, 1988 - </subfield>
   <subfield code="t">[Rezension von: Mathieu Deldicque, Le grand Condé. Le rival du Roi-Soleil?]</subfield>
   <subfield code="d">2017</subfield>
   <subfield code="w">(DE-627)1789183227</subfield>
  </datafield>
  <datafield tag="856" ind1="4" ind2="2">
   <subfield code="u">https://swbplus.bsz-bw.de/bsz479443491inh.htm</subfield>
   <subfield code="m">B:DE-576;DE-16</subfield>
   <subfield code="q">application/pdf</subfield>
   <subfield code="v">20161115121632</subfield>
   <subfield code="x">Verlag</subfield>
   <subfield code="3">Inhaltsverzeichnis</subfield>
  </datafield>
  <datafield tag="856" ind1="4" ind2="2">
   <subfield code="u">https://swbplus.bsz-bw.de/bsz479443491rez.htm</subfield>
   <subfield code="m">B:DE-576;DE-16</subfield>
   <subfield code="q">application/pdf</subfield>
   <subfield code="v">20171207125313</subfield>
   <subfield code="x">Verlag</subfield>
   <subfield code="3">Rezension</subfield>
  </datafield>
  <datafield tag="856" ind1="4" ind2="2">
   <subfield code="u">http://www.sehepunkte.de/2017/11/29948.html</subfield>
   <subfield code="m">V:DE-576;X:Sehepunkte</subfield>
   <subfield code="q">text/html</subfield>
   <subfield code="v">20180419154220</subfield>
   <subfield code="3">Rezension</subfield>
  </datafield>
  <datafield tag="935" ind1=" " ind2=" ">
   <subfield code="i">Blocktest</subfield>
  </datafield>
  <datafield tag="936" ind1="r" ind2="v">
   <subfield code="a">LH 41805</subfield>
   <subfield code="b">Chantilly</subfield>
   <subfield code="k">Allgemeines. Allgemeine Kunstgeschichte</subfield>
   <subfield code="k">Ausstellungswesen, Ausstellungskataloge</subfield>
   <subfield code="k">Ausstellungskataloge</subfield>
   <subfield code="k">Orte C</subfield>
   <subfield code="k">Chantilly</subfield>
   <subfield code="0">(DE-627)1272691551</subfield>
   <subfield code="0">(DE-625)rvk/93435:</subfield>
   <subfield code="0">(DE-576)202691551</subfield>
  </datafield>
  <datafield tag="936" ind1="r" ind2="v">
   <subfield code="a">NN 3140</subfield>
   <subfield code="b">Einzelbeiträge</subfield>
   <subfield code="k">Neuere Geschichte</subfield>
   <subfield code="k">Zeitalter der Gegenreformation und des Dreißigjährigen Krieges (1555 - 1648)</subfield>
   <subfield code="k">Geschichte der Gegenreformation (1555 - 1648)</subfield>
   <subfield code="k">Einzelbeiträge</subfield>
   <subfield code="0">(DE-627)1271465671</subfield>
   <subfield code="0">(DE-625)rvk/126774:</subfield>
   <subfield code="0">(DE-576)201465671</subfield>
  </datafield>
  <datafield tag="936" ind1="b" ind2="k">
   <subfield code="a">15.65</subfield>
   <subfield code="j">Frankreich</subfield>
   <subfield code="x">Geschichte</subfield>
   <subfield code="0">(DE-627)181571641</subfield>
  </datafield>
  <datafield tag="951" ind1=" " ind2=" ">
   <subfield code="a">BO</subfield>
  </datafield>
  <datafield tag="990" ind1=" " ind2=" ">
   <subfield code="a">Condé, Louis de</subfield>
  </datafield>
  <datafield tag="991" ind1=" " ind2=" ">
   <subfield code="a">Rezensiertes Werk</subfield>
  </datafield>
  <datafield tag="999" ind1=" " ind2=" ">
   <subfield code="a">KXP-PPN869533533</subfield>
   <subfield code="e">415473301X</subfield>
  </datafield>
 </record>
</collection>
